000 00313nab a22001097u 4500
008 130520b1986 xxu||||| |||| 00| 0 spa d
041 _aspa
100 1 _aFlood, D.
_967383
245 0 0 _aLa pobreza evangélica y los pobres
_cD. Flood
773 0 _tConcilium
_gV.2,1986,págs.235-244
_x0210-1041
_wRev134
942 _cAR
999 _c355231
_d355231